[Event "45th Olympiad 2024"]
[Site "Budapest HUN"]
[Date "2024.09.12"]
[Round "2.48"]
[Board "1"]
[White "Mompel Ferruz, Xavier"]
[Black "Araujo Sanchez, Josue"]
[Result "1/2-1/2"]
[WhiteElo "2273"]
[BlackElo "2296"]
[PlyCount "71"]
[EventDate "2024.09.11"]
[WhiteTeam "Equatorial Guinea"]
[BlackTeam "Dominican Republic"]
[BlackTeamCountry "DOM"]

1. e4 c6 2. d4 d5 3. Nc3 dxe4 4. Nxe4 Nf6 5. Nxf6+ exf6 6. c3 Bd6 7. Bd3 O-O 8. Qc2 Re8+ 9. Ne2 h5 10. O-O h4 11. h3 Nd7 12. Bd2 Nf8 13. Rae1 Bc7 14. f4 Qd6 15. c4 Bd7 ({RR} 15... f5 16. Bxf5 Bxf5 17. Qxf5 Re6 18. d5 Ree8 19. Qd3 cxd5 20. cxd5 Ng6 21. Rd1 Rad8 22. Nc3 Qb4 23. Kh1 a6 24. b3 Re7 25. Qc4 Qd6 26. Bc1 b5 27. Qc6 Red7 28. a3 Ne7 29. Qxd6 Bxd6 30. Ne4 {½-½ Sathvik Adiga (2413)-Ramoutar,A (2358) SixDays Budapest May GM A 2024 (5.1)}) ({RR} 15... b6 16. b4 a5 17. a3 axb4 18. axb4 Ra3 19. d5 Ba6 20. Bc1 Rxd3 21. Qxd3 Qxb4 22. Ba3 Qa5 23. d6 Rd8 24. Ra1 Ne6 25. Kh1 Bc8 26. Qe3 Bb8 27. f5 Nc5 28. Qe7 Rf8 29. Nd4 Qd2 30. Bxc5 {1-0 Mompel Ferruz,X (2273)-Heredia Serrano,C (2087) Cerrado IM Barcelona Sept 2024 (4.4)}) 16. c5 Qd5 17. Bc4 $146 ({RR} 17. f5 b5 18. b3 Rad8 19. Bc3 Bc8 20. Nf4 Qd7 21. Qf2 Rxe1 22. Rxe1 Re8 23. Rxe8 Qxe8 24. Bd2 Qd8 25. Ne2 Nd7 26. Qf3 Bb7 27. Be1 Be5 28. Qe3 Bb8 29. Bxh4 Kf8 30. Be1 Qc7 31. Kf1 Ba6 {1-0 Liu,E (2319)-Atwell,R (2031) Silicon Valley Fall 2023 (3.20)}) 17... Bf5 18. Qb3 Qd7 19. d5 b5 20. Bd3 Bxd3 21. Qxd3 Qxd5 22. Qxd5 cxd5 23. b4 a6 24. Nd4 Ne6 25. Nf5 g6 26. Nxh4 Nd4 27. Kf2 Nc6 28. Rxe8+ Rxe8 29. Re1 Rxe1 30. Kxe1 Kf8 31. Nf3 f5 32. Ke2 Ke7 33. Kd3 Ke6 34. Ng5+ Ke7 35. Nf3 Ke6 36. Ng5+ 1/2-1/2

[Event "45th Olympiad 2024"]
[Site "Budapest HUN"]
[Date "2024.09.12"]
[Round "2.48"]
[Board "3"]
[White "Angel Estanislao Gatjens Capche"]
[Black "Jimenez Jimenez, Leandro"]
[Result "0-1"]
[WhiteElo "1849"]
[BlackElo "2188"]
[PlyCount "116"]
[EventDate "2024.09.11"]
[WhiteTeam "Equatorial Guinea"]
[BlackTeam "Dominican Republic"]
[BlackTeamCountry "DOM"]

1. d4 d5 2. Bf4 c5 3. e3 Nc6 4. Nc3 a6 5. Nf3 Bg4 6. Be2 e6 7. O-O Nf6 8. Ne5 Bxe2 9. Nxe2 Be7 $146 ({RR} 9... cxd4 10. exd4 Bd6 11. Re1 Bxe5 12. Bxe5 Nxe5 13. dxe5 Nd7 14. Nf4 Qg5 15. g3 Rd8 16. Qd4 O-O 17. b3 Qf5 18. Rac1 h5 19. h4 Rc8 20. c4 Rfd8 21. Kg2 dxc4 22. Rxc4 Nf8 23. Qe4 Qxe4+ 24. Rexe4 {1-0 Dimitrijevic,D (2059)-Musovic,A (2276) Int ch-Central SRB 2022 (3.11)}) ({RR} 9... Bd6 10. Nxc6 bxc6 11. c3 O-O 12. Qc2 Qe7 13. Qa4 Rfc8 14. Rfe1 Nd7 15. Rab1 a5 16. Qc2 f6 17. e4 e5 18. Bg3 Nb6 19. dxe5 fxe5 20. f4 exf4 21. Bxf4 Qc7 22. Bxd6 Qxd6 23. Ng3 Re8 24. Qf2 {½-½ Theofilus,K (1135)-Reynard,K (1814) Bekasi Scua op 1st 2022 (4)}) 10. c3 O-O 11. h3 Rc8 12. a3 b5 13. dxc5 Bxc5 14. Nxc6 Rxc6 15. Bg5 h6 16. Bxf6 Qxf6 17. Nd4 Rb6 18. Rc1 Rd8 19. Qf3 Qg5 20. Qg4 Qf6 21. Qf3 Qe5 22. Qd1 Bd6 23. Nf3 Qh5 24. Nd4 Qg5 25. f4 Qf6 26. Nf3 Bc5 27. Qd3 Qxf4 28. Rce1 Qg3 29. Qe2 e5 30. Qf2 Qxf2+ 31. Rxf2 f6 32. Rd2 Kf7 33. Kf2 Ke6 34. Red1 Rc6 35. Ke2 Bb6 36. Ne1 Rc4 37. Nc2 a5 38. Kf3 f5 39. g3 g5 40. Kg2 h5 41. Rd3 h4 42. R3d2 Re4 43. Re1 hxg3 44. Kxg3 Rh8 45. Rh2 Reh4 46. Reh1 Bxe3 47. Nxe3 f4+ 48. Kf3 fxe3 49. Kxe3 g4 50. Rg2 Rxh3+ 51. Rxh3 Rxh3+ 52. Ke2 g3 53. Kf3 Kf5 54. Rg1 e4+ 55. Kg2 Kg4 56. Rd1 Rh2+ 57. Kg1 e3 58. Rxd5 Rd2 0-1

[Event "45th Olympiad 2024"]
[Site "Budapest HUN"]
[Date "2024.09.12"]
[Round "2.49"]
[Board "1"]
[White "Johnson, Joshua"]
[Black "Morazo, John Ranel"]
[Result "1-0"]
[WhiteElo "2267"]
[BlackElo "2200"]
[PlyCount "141"]
[EventDate "2024.09.11"]
[WhiteTeam "Trinidad & Tobago"]
[BlackTeam "Palau"]
[BlackTeamCountry "PAL"]

1. e4 c5 2. Nf3 Nc6 3. Bb5 Nf6 4. Nc3 g6 5. e5 Ng4 6. Qe2 Bg7 7. Bxc6 dxc6 8. h3 Nh6 9. Ne4 ({RR} 9. g4 O-O 10. b3 f6 11. Bb2 fxe5 12. Nxe5 Qc7 13. Na4 b6 14. O-O-O Ba6 15. Qe3 Nf7 16. f4 Nxe5 17. Bxe5 Bxe5 18. fxe5 c4 19. h4 cxb3 20. axb3 Rf7 21. h5 Rg7 22. hxg6 Rxg6 23. g5 Rf8 {1-0 Skvortsova,A (2179)-Johannsdottir,J (2013) Olympiad Women 2024 (6.27)}) ({RR} 9. d3 Nf5 10. O-O O-O 11. Bf4 b6 12. Rae1 a5 13. Qe4 Ra7 14. Qe2 a4 15. a3 Nd4 16. Qd1 h6 17. Bh2 Be6 18. Nxd4 cxd4 19. Ne4 Bc8 20. f4 f5 21. exf6 exf6 22. f5 Bxf5 23. Nd6 Bd7 {1-0 Johnson,J (2277)-Ezra,P (2339) Budapest 1 Week Aug GMB 2024 (6.1)}) 9... b6 10. O-O $146 ({RR} 10. Nf6+ Kf8 11. Ne4 f6 12. d3 Nf7 13. Bd2 f5 14. Neg5 Nxg5 15. Nxg5 h6 16. Nf3 Be6 17. Nh4 Kf7 18. f4 c4 19. g4 cxd3 20. cxd3 h5 21. gxf5 Bxf5 22. Nxf5 gxf5 23. O-O-O Qd5 24. Rhg1 Rag8 {½-½ Kovalev,A (2505)-Kalinitschew,S (2455) Berlin East AdW 6th 1989 (8)}) ({RR} 10. Nf6+ Kf8 11. Ne4 Nf5 12. d3 h6 13. Bd2 Kg8 14. c4 Nd4 15. Nxd4 cxd4 16. f4 f6 17. O-O Kh7 18. Ng3 f5 19. h4 e6 20. h5 g5 21. fxg5 hxg5 22. h6 Bxh6 23. Ne4 Bd7 24. Nf6+ Kg7 {0-1 Balogh,C (2347)-Popovics,A (2220) Hungaropharma Cup 2001 (3.1)}) 10... O-O 11. Rd1 Qc7 12. d3 f6 13. Bf4 fxe5 14. Bh2 Nf7 15. Ned2 Qd8 16. Nc4 Bd7 17. Ncxe5 Be8 18. Re1 a5 19. a4 Ra7 20. Qe3 Nd6 21. c3 Nf5 22. Qe4 Qd5 23. Nc4 Bf7 24. Nxb6 Qb3 25. Qxc6 Qxb2 26. Nd5 Qb7 27. Qxb7 Rxb7 28. Ne3 Bxc3 29. Nxf5 Bxe1 30. Nh6+ Kg7 31. Nxf7 Bc3 32. Be5+ Bxe5 33. N7xe5 Rfb8 34. Nd2 Rb2 35. Nec4 R2b4 36. Ne4 Rc8 37. Kf1 h6 38. Ke2 Rc7 39. Nxa5 Ra7 40. Nc4 Raxa4 41. Rxa4 Rxa4 42. Nxc5 Ra2+ 43. Ke3 Kf6 44. Ne4+ Ke6 45. Nc3 Ra1 46. Ne2 Kf5 47. Nd2 Ra2 48. Nf3 Rb2 49. Nf4 Ra2 50. Nh4+ Kf6 51. Nfxg6 e5 52. f4 exf4+ 53. Nxf4 Ra1 54. Nf3 Rb1 55. g4 Ra1 56. Ke4 Rb1 57. h4 Ra1 58. Nd5+ Kg6 59. Ne5+ Kg7 60. Kf5 Rh1 61. h5 Rd1 62. Nf4 Kh7 63. Kf6 Rf1 64. Neg6 Rd1 65. Kf7 Rf1 66. d4 Rf2 67. d5 Rf1 68. d6 Rf2 69. d7 Rf1 70. Ke7 Re1+ 71. Ne6 1-0

[Event "45th Olympiad 2024"]
[Site "Budapest HUN"]
[Date "2024.09.12"]
[Round "2.49"]
[Board "2"]
[White "Tan, Santiago Jr"]
[Black "Cabralis, Quinn"]
[Result "0-1"]
[WhiteElo "1903"]
[BlackElo "2169"]
[PlyCount "90"]
[EventDate "2024.09.11"]
[WhiteTeam "Palau"]
[BlackTeam "Trinidad & Tobago"]
[WhiteTeamCountry "PAL"]

1. e4 c5 2. Nf3 e6 3. c3 d5 4. Bb5+ Bd7 5. Bxd7+ Qxd7 6. exd5 Qxd5 7. d4 Nf6 ({RR} 7... Nc6 8. Be3 cxd4 9. Bxd4 O-O-O 10. Qc2 e5 11. Be3 Nf6 12. O-O Ng4 13. Qf5+ Qd7 14. Qxd7+ Rxd7 15. Bc1 Bc5 16. Nbd2 Re8 17. Ne4 Bb6 18. h3 Nxf2 19. Nxf2 e4 20. Re1 e3 21. Kf1 Ne5 22. Bxe3 {0-1 Maklushov,S-Sargissyan,S (2226) FIDE Disabilities Olym 2023 (1.7)}) 8. O-O Nc6 9. Qb3 $146 ({RR} 9. Na3 cxd4 10. c4 Qd7 11. Nb5 Bc5 12. Qd3 a6 13. Na3 O-O 14. Nc2 e5 15. Nd2 Rfe8 16. f3 Rad8 17. Ne4 Be7 18. a3 Qc7 19. Bd2 Nd7 20. b4 g6 21. Bh6 f5 22. Ng5 Bf8 23. Bxf8 Nxf8 {0-1 Danko,J (1993)-Bretsnajdr,V (2288) Marianske Lazne op 14th 2015 (6)}) ({RR} 9. Qa4 Be7 10. Bg5 cxd4 11. Nxd4 O-O 12. Nxc6 bxc6 13. Bxf6 Bxf6 14. Rd1 Qb5 15. Qxb5 cxb5 16. Nd2 Rfd8 17. Kf1 Kf8 18. Ke2 Ke7 19. Ne4 Be5 20. h3 f5 21. Nc5 Rdc8 22. Nd3 Bf6 23. a4 a6 {½-½ Meneghetti,A (1708)-Hernandez Amura,G (2061) American Continental 10th 2014 (7)}) 9... Qxb3 10. axb3 cxd4 11. Nxd4 Nxd4 12. cxd4 Be7 13. Nc3 O-O 14. Be3 a5 15. Bg5 Rfd8 16. Rfd1 h6 17. Be3 Nd5 18. h3 Nb4 19. Rd2 Rd7 20. Na4 Nd5 21. Rc1 b5 22. Nc5 Rc7 23. Nd3 Rxc1+ 24. Nxc1 Rc8 25. Nd3 Bd6 26. Kf1 Kf8 27. Ke2 Ke7 28. Kd1 Nb4 29. Nxb4 Bxb4 30. Rd3 Kd6 31. f3 Kd5 32. h4 a4 33. bxa4 bxa4 34. Bf2 Be7 35. g3 Bf6 36. Kd2 Rc4 37. b3 Rb4 38. bxa4 Rxa4 39. Kc3 Rc4+ 40. Kb3 Bxd4 41. g4 e5 42. g5 hxg5 43. hxg5 Rc8 44. f4 Rb8+ 45. Ka4 Kc4 0-1

[Event "45th Olympiad 2024"]
[Site "Budapest HUN"]
[Date "2024.09.12"]
[Round "2.49"]
[Board "3"]
[White "Harper, Ryan"]
[Black "Salvadora, Angelo"]
[Result "1-0"]
[WhiteElo "2124"]
[BlackElo "1812"]
[PlyCount "69"]
[EventDate "2024.09.11"]
[WhiteTeam "Trinidad & Tobago"]
[BlackTeam "Palau"]
[BlackTeamCountry "PAL"]

1. d4 d5 2. Bf4 Bf5 3. c4 e6 4. Nc3 c6 5. Qb3 b6 ({RR} 5... Qb6 6. c5 Qxb3 7. axb3 Nd7 8. b4 a6 9. Nf3 Rc8 10. Nd2 Be7 11. Nb3 Bd8 12. e3 Bc7 13. Bg3 Ne7 14. Na5 Bxg3 15. hxg3 Rc7 16. Be2 e5 17. g4 Be6 18. Kd2 O-O 19. Rae1 Rb8 {½-½ Marin,M (2515)-Rausis,I (2575) Andorra op 11th 1993 (9)}) ({RR} 5... Qb6 6. c5 Qxb3 7. axb3 Nd7 8. b4 Ngf6 9. h3 Be7 10. e3 O-O 11. b5 e5 12. dxe5 Ne4 13. Nxe4 Bxe4 14. b4 f6 15. bxc6 bxc6 16. e6 Ne5 17. f3 Bf5 18. Ne2 Nd3+ 19. Kd2 Nxb4 20. Nd4 {1-0 Hambleton,A (2420)-Mingo Fernandez,M (2177) Titled Tue 13th Aug Late 2024 (1)}) 6. Qa4 $146 ({RR} 6. Nf3 Bd6 7. Bg5 Nf6 8. g3 Nbd7 9. Bg2 O-O 10. Nh4 Bg4 11. e4 dxe4 12. Bxe4 Qc7 13. Bg2 h6 14. Be3 e5 15. O-O Rac8 16. Qc2 exd4 17. Bxd4 c5 18. Be3 Ne5 19. Nb5 Qe7 20. Nxd6 Qxd6 {½-½ Bottazzi,L (1436)-Barp,A (1491) Mogliano Veneto op-C 31st 2010 (3)}) ({RR} 6. e3 Nd7 7. cxd5 cxd5 8. Ba6 e5 9. Bxe5 Nxe5 10. dxe5 Ne7 11. Bb5+ Bd7 12. Nxd5 Nxd5 13. Qxd5 Bxb5 14. Qxb5+ Qd7 15. Qxd7+ Kxd7 16. Nf3 Bb4+ 17. Ke2 Ke7 18. Nd4 Rhc8 19. Rac1 Bc5 20. b4 Bxd4 {1-0 Siraj,A (1964)-Pregelj,S (1529) SLO-ch U16 Portoroz 2018 (2)}) 6... Bd6 7. Bg3 Bxg3 8. hxg3 Qf6 9. Nf3 Ne7 10. Ne5 O-O 11. g4 Bg6 12. e3 c5 13. f4 h6 14. Qd1 cxd4 15. Qxd4 Rd8 16. Rd1 Na6 17. cxd5 Nc5 18. d6 Nc8 19. Nc6 Qxd4 20. Rxd4 Rxd6 21. Ne7+ Kh7 22. Nxc8 Rxd4 23. exd4 Rxc8 24. dxc5 Rxc5 25. Rh3 f6 26. Bd3 Bxd3 27. Rxd3 Rc4 28. g3 Kg6 29. Kf2 a5 30. Rd6 Rb4 31. b3 Kf7 32. Rd7+ Kg6 33. Ke3 e5 34. f5+ Kh7 35. Nd5 1-0

[Event "45th Olympiad 2024"]
[Site "Budapest HUN"]
[Date "2024.09.12"]
[Round "2.50"]
[Board "1"]
[White "Hasford, John Kojo"]
[Black "Khoder, Akram"]
[Result "0-1"]
[WhiteElo "1956"]
[BlackElo "2239"]
[PlyCount "126"]
[EventDate "2024.09.11"]
[WhiteTeam "Ghana"]
[BlackTeam "Lebanon"]
[WhiteTeamCountry "GHA"]
[BlackTeamCountry "LBN"]

1. d4 d5 2. Nf3 Nf6 3. c4 c6 4. Nc3 dxc4 5. a4 Bf5 6. e3 e6 7. Bxc4 Bb4 8. O-O O-O 9. Qb3 c5 10. Na2 ({RR} 10. dxc5 Nc6 11. Nd4 Qb8 12. Nxf5 exf5 13. Nd5 Nxd5 14. Bxd5 Bxc5 15. Bd2 Qd6 16. Bc3 Rad8 17. Rad1 Qc7 18. g3 Bd6 19. Qb5 g6 20. Bxc6 bxc6 21. Qa5 Rfe8 22. Rd4 c5 23. Qxc7 Bxc7 24. Rc4 Rd5 {½-½ Onischuk,A (2665)-Holt,C (2530) USA-ch Saint Louis 2015 (4)}) 10... Nc6 11. Nxb4 Nxb4 $146 ({RR} 11... Na5 12. Qa2 cxb4 13. b3 Nxc4 14. bxc4 a5 15. Qe2 Rc8 16. Bb2 Nd7 17. Nd2 Bg6 18. e4 f6 19. h4 h5 20. Rfd1 Qc7 21. Rdc1 b6 22. Qf3 Rfd8 23. g4 Ne5 24. dxe5 Rxd2 25. gxh5 Bxh5 26. Qxh5 {½-½ Olsson,L (2254)-Furhoff,J (2309) SWE-chT 0203 2002 (1)}) ({RR} 11... Na5 12. Qa2 cxb4 13. Ne5 Nxc4 14. Qxc4 a5 15. Qb5 Rc8 16. Qxb7 Be4 17. Qb5 Rc2 18. f3 Bd5 19. Qd3 Qc7 20. Rf2 Rxc1+ 21. Rxc1 Qxc1+ 22. Rf1 Qxb2 23. e4 Bb3 24. Rb1 Bc2 25. Rxb2 Bxd3 26. Nxd3 {0-1 Emeliantsev,A (2359)-Alvarez Fernandez,E (2299) Titled Tue 18th Jun Early 2024 (9)}) ({RR} 11... Na5 12. Qa2 cxb4 13. Bd2 Qe7 14. Rfc1 Rac8 15. Ne5 Rfd8 16. f3 Nd7 17. Nxd7 Rxd7 18. Bb5 Rdc7 19. Rxc7 Rxc7 20. e4 Bg6 21. Rc1 Rxc1+ 22. Bxc1 b3 23. Qb1 f5 24. Bd2 Nc6 25. Bxc6 bxc6 26. Qd3 {½-½ Voltolini,G (2126)-Haag,M (2267) Arco op 38th 2016 (7)}) 12. dxc5 Nc2 13. Ra2 Nd7 14. Qc3 a5 15. b3 Nb4 16. Rd2 Qf6 17. Qxf6 Nxf6 18. Nd4 Ne4 19. Rdd1 Bg6 20. Ba3 Nxc5 21. Bxb4 axb4 22. f3 e5 23. Nb5 Bc2 24. Rd5 Nxb3 25. Rf2 Na1 26. Rxc2 Nxc2 27. Bb3 Nxe3 28. Rxe5 Rfe8 29. Rxe8+ Rxe8 30. Kf2 Nf5 31. g4 Ne7 32. Nd6 Rd8 33. Nxb7 Rd3 34. Na5 Rc3 35. Bd1 Nd5 36. Ke2 Ne3 37. Bb3 Nc2 38. Bxc2 Rxc2+ 39. Kd3 Ra2 40. Nb3 Rxa4 41. Kc4 Ra2 42. h4 g6 43. Kxb4 Rh2 44. Kc4 Rxh4 45. Kd3 h5 46. gxh5 Rxh5 47. Ke3 Re5+ 48. Kf4 Rb5 49. Nd2 Rb4+ 50. Kg3 Kg7 51. Ne4 f5 52. Ng5 Kh6 53. f4 Kh5 54. Nf3 Rb3 55. Kf2 Kg4 56. Ne5+ Kxf4 57. Nxg6+ Ke4 58. Nh4 f4 59. Ng2 Rb2+ 60. Kf1 f3 61. Nh4 Kf4 62. Kg1 Ra2 63. Kf1 Rh2 0-1

[Event "45th Olympiad 2024"]
[Site "Budapest HUN"]
[Date "2024.09.12"]
[Round "2.50"]
[Board "3"]
[White "Fomevor, Cephas Clinton"]
[Black "Assaad, Joe"]
[Result "0-1"]
[WhiteElo "1873"]
[BlackElo "2150"]
[PlyCount "98"]
[EventDate "2024.09.11"]
[WhiteTeam "Ghana"]
[BlackTeam "Lebanon"]
[WhiteTeamCountry "GHA"]
[BlackTeamCountry "LBN"]

1. d4 Nf6 2. c4 e6 3. Nc3 Bb4 4. Qc2 O-O 5. Nf3 c5 6. Bg5 h6 7. Bh4 ({RR} 7. Bxf6 Qxf6 8. a3 Bxc3+ 9. Qxc3 b6 10. e3 Nc6 11. Be2 d5 12. dxc5 Qxc3+ 13. bxc3 bxc5 14. Rb1 Rb8 15. Rxb8 Nxb8 16. cxd5 exd5 17. Kd2 Bf5 18. Bd3 Bxd3 19. Kxd3 Nd7 20. Rb1 Nb6 21. Rb5 Rc8 {1-0 Seirawan,Y (2595)-Dizdar,G (2505) Sarajevo 1987}) 7... g5 ({RR} 7... Nc6 8. e3 d5 9. cxd5 exd5 10. dxc5 d4 11. Rd1 Bg4 12. a3 Bxf3 13. gxf3 Bxc5 14. Rg1 Bb6 15. Bc4 Ne5 16. Qf5 Kh8 17. Qxe5 Bc7 18. Qf5 Qe7 19. Nd5 Qe5 20. Qxe5 Bxe5 21. Nxf6 Bxf6 22. Bxf6 {1-0 Tischler Lema Garcia,M (1512)-De Oliveira,T (1731) IV Niteroi Chess Open 2024 (5.52)}) 8. Bg3 cxd4 $146 ({RR} 8... g4 9. Nd2 cxd4 10. Nb5 Nc6 11. Bc7 Qe7 12. a3 Bc5 13. b4 a6 14. bxc5 axb5 15. Bd6 Qd8 16. Bxf8 Kxf8 17. cxb5 Nb4 18. Qb3 Qa5 19. Rb1 Nbd5 20. Qd3 Nc3 21. Rb3 e5 22. e3 Nfe4 23. exd4 {1-0 Jorgensen,M (1491)-Jensen,J (1624) Roskilde 100 years 2008 (8)}) ({RR} 8... Nc6 9. Bd6 cxd4 10. Bxf8 Kxf8 11. a3 Qa5 12. Rc1 dxc3 13. axb4 Nxb4 14. Qxc3 Ne4 15. Qa3 Qc5 16. Qe3 Qa5 17. Qa3 Qc5 18. Qe3 Qa5 {½-½ Prmagambetov,A-Abdijapar,A KGZ-ch Bishkek 2009 (1)}) 9. Nxd4 d5 10. e3 Ne4 11. cxd5 exd5 12. Bd3 Bxc3+ 13. bxc3 f5 14. Bxe4 fxe4 15. O-O Nc6 16. Nxc6 bxc6 17. Rfd1 Ba6 18. Qa4 Bb5 19. Qd4 Bd3 20. Rd2 Rf7 21. Rb2 h5 22. a4 h4 23. Be5 Qd7 24. Qc5 Qf5 25. Bd6 Rc8 26. h3 g4 27. hxg4 Qxg4 28. Be5 Be2 29. Rxe2 Qxe2 30. Rf1 Qg4 31. Qd6 h3 32. Bg3 hxg2 33. Kxg2 Qf3+ 34. Kg1 Rcf8 35. Qg6+ Rg7 36. Qe6+ Qf7 37. Qxf7+ Rfxf7 38. Rb1 Rb7 39. Rxb7 Rxb7 40. Bd6 Rb1+ 41. Kg2 Ra1 42. Kg3 Kf7 43. f3 exf3 44. Kxf3 Rxa4 45. Bc5 Ke6 46. Ke2 a5 47. Kd3 Kf5 48. Kc2 Ke4 49. Kb3 Rc4 0-1

[Event "45th Olympiad 2024"]
[Site "Budapest HUN"]
[Date "2024.09.12"]
[Round "2.50"]
[Board "4"]
[White "Kassis, Antoine LIB"]
[Black "Frempong-Smart Daniel"]
[Result "1-0"]
[WhiteElo "2085"]
[BlackElo "1863"]
[PlyCount "100"]
[EventDate "2024.09.11"]
[WhiteTeam "Lebanon"]
[BlackTeam "Ghana"]
[WhiteTeamCountry "LBN"]
[BlackTeamCountry "GHA"]

1. e4 e5 2. Nf3 Nf6 3. d4 Nxe4 4. dxe5 d5 5. Nbd2 Be7 6. Bd3 ({RR} 6. Nxe4 dxe4 7. Qxd8+ Bxd8 8. Nd4 c6 9. Bf4 Nd7 10. Nf5 O-O 11. Nd6 Ba5+ 12. c3 Bc7 13. O-O-O Bxd6 14. exd6 Nb6 15. c4 Be6 16. b3 a5 17. Be2 a4 18. Kb2 axb3 19. axb3 Nd7 20. Ra1 f5 {½-½ Ivanchuk,V (2781)-Wang,Y (2704) Sochi FIDE GP 2008 (13)}) ({RR} 6. Be2 O-O 7. O-O Nc5 8. Nb3 Ne6 9. Nbd4 Nxd4 10. Qxd4 c5 11. Qf4 Nc6 12. Qg3 Bf5 13. c3 d4 14. Rd1 d3 15. Bf1 c4 16. Bh6 g6 17. Bxf8 Bxf8 18. Qf4 b5 19. a4 a6 20. g4 Be6 {1-0 Macak,S (2354)-Castro Quijano,E (2103) 35th Roquetas de Mar Open 2024 (2.21)}) 6... Nc5 7. Be2 Bf5 $146 ({RR} 7... Ne6 8. Nb3 O-O 9. O-O c5 10. c3 Nc6 11. Be3 b6 12. Qc2 Re8 13. Rad1 Nc7 14. Rfe1 Be6 15. Bd3 h6 16. Qe2 Qc8 17. Bb1 Bf5 18. Qd2 Bxb1 19. Rxb1 Bf8 20. Bf4 Qe6 21. Rbd1 Ne7 22. h3 {½-½ Zherebukh,Y (2068)-Ipatov,A (2149) UKR-ch U12 sf 2004 (6)}) ({RR} 7... O-O 8. O-O Nc6 9. Nb3 Nxb3 10. axb3 Bf5 11. c3 f6 12. exf6 Bxf6 13. Be3 a6 14. Ra4 Ne5 15. Bd4 Nxf3+ 16. Bxf3 c6 17. Re1 Bxd4 18. Rxd4 Re8 19. h3 Rxe1+ 20. Qxe1 Qe8 21. Qd2 Qe5 22. c4 {1-0 Bernard,J (2224)-Carre,S (2069) Montpellier op 4th 2009 (6)}) 8. O-O O-O 9. Nd4 Bd7 10. f4 Ne6 11. N2f3 Nxd4 12. Nxd4 c5 13. Nb3 Bf5 14. Bf3 c4 15. Nd4 Bc5 16. Kh1 Be4 17. Bxe4 dxe4 18. Nf5 g6 19. Ng3 f5 20. exf6 Qxd1 21. Rxd1 Re8 22. Re1 e3 23. Nf1 Bd4 24. c3 Bxf6 25. Bxe3 Nc6 26. Rad1 Rad8 27. Kg1 b5 28. a3 a5 29. Bb6 Rxe1 30. Rxe1 Rd6 31. Ng3 Kf7 32. Ne4 Re6 33. Bc5 Kg7 34. Kf2 Be7 35. Bxe7 Rxe7 36. Nd6 Rd7 37. Nxb5 Rb7 38. a4 Ne7 39. Re4 Nd5 40. Rxc4 Re7 41. Rd4 Nf6 42. h3 Ne4+ 43. Kf3 Nc5 44. Nd6 Re1 45. Ne4 Ne6 46. Rd7+ Kh6 47. Re7 Nf8 48. g4 Rf1+ 49. Kg3 Rg1+ 50. Kf2 Rb1 1-0

[Event "45th Olympiad 2024"]
[Site "Budapest HUN"]
[Date "2024.09.12"]
[Round "2.51"]
[Board "2"]
[White "Yahi, Mohamed Salem"]
[Black "Yun, Hungi"]
[Result "0-1"]
[WhiteElo "1868"]
[BlackElo "2124"]
[PlyCount "92"]
[EventDate "2024.09.11"]
[WhiteTeam "Mauritania"]
[BlackTeam "South Korea"]
[WhiteTeamCountry "MAU"]

1. e4 c5 2. c4 Nc6 3. Nc3 g6 4. g3 Bg7 5. Bg2 e6 6. Nge2 Nge7 7. O-O O-O 8. d3 a6 9. Be3 Nd4 10. Rb1 Nec6 11. f4 ({RR} 11. a3 Rb8 12. b4 d6 13. bxc5 dxc5 14. f4 Nxe2+ 15. Nxe2 b6 16. e5 Qc7 17. Kh1 f6 18. exf6 Bxf6 19. g4 Bd7 20. Be4 Ne7 21. Ng3 b5 22. Qd2 Bg7 23. Qf2 Rbc8 24. Rfc1 g5 25. f5 exf5 {1-0 Kosyrev,V (2523)-Rustemov,A (2552) Moscow-ch final 2008 (2)}) ({RR} 11. a3 d6 12. b4 Rb8 13. Qd2 Bd7 14. Bf4 e5 15. Be3 b5 16. cxb5 axb5 17. Nd5 Ra8 18. bxc5 dxc5 19. Nec3 Rb8 20. Rfc1 Qa5 21. Qb2 b4 22. axb4 Nxb4 23. Ne7+ Kh8 24. Qd2 Qd8 25. Bxd4 cxd4 {½-½ Honey,L (1939)-Birkisson,B (2140) Reykjavik Open 2024 (3.112)}) 11... d6 12. a3 Rb8 13. Bf2 $146 ({RR} 13. b4 b5 14. bxc5 dxc5 15. e5 Nxe2+ 16. Qxe2 Nd4 17. Qf2 Bb7 18. Bxb7 Rxb7 19. cxb5 axb5 20. Bxd4 cxd4 21. Nxb5 Qd5 22. a4 f6 23. Qg2 Qxg2+ 24. Kxg2 fxe5 25. fxe5 Ra8 26. Nxd4 Rxb1 27. Rxb1 Rxa4 {1-0 Montoya Bello,F (2155)-Ferrer Berenguer,L (2190) Autonomico-chT 1997}) ({RR} 13. b4 cxb4 14. axb4 b5 15. Qd2 Bd7 16. Kh1 Qe7 17. Rfc1 Rfc8 18. Nxd4 Bxd4 19. Bxd4 Nxd4 20. Ne2 Nc6 21. Qc3 e5 22. fxe5 dxe5 23. c5 Bg4 24. Rb2 Qg5 25. Ng1 Rd8 26. h3 Be6 27. Kh2 Rxd3 {0-1 Cressanthais,G-Shapiro,D (2297) US Open-108 Cherry Hill 2007 (7)}) 13... b5 14. Nxd4 cxd4 15. Ne2 e5 16. fxe5 dxe5 17. b4 Be6 18. c5 a5 19. Be1 axb4 20. axb4 Ra8 21. Ra1 Bh6 22. h3 Rxa1 23. Qxa1 Qa8 24. Qb2 Qa4 25. Kh2 Ra8 26. Ng1 Qd1 27. Bf2 Qxd3 28. Ra1 Rxa1 29. Qxa1 Nxb4 30. Nf3 Qc2 31. Be1 Nd3 32. Qa8+ Kg7 33. c6 Be3 34. Qa5 Qxc6 35. Bd2 Bxd2 36. Qxd2 Qc3 37. Bf1 Qxd2+ 38. Nxd2 Bc4 39. Kg2 Nb2 40. g4 Kf6 41. h4 Bxf1+ 42. Kxf1 Nc4 43. Nb3 Ne3+ 44. Ke2 Nxg4 45. Nc5 Ke7 46. Nd3 Kd6 0-1

[Event "45th Olympiad 2024"]
[Site "Budapest HUN"]
[Date "2024.09.12"]
[Round "2.52"]
[Board "1"]
[White "Hamperl, Fred"]
[Black "Rakotomaharo, Fy Antenaina"]
[Result "0-1"]
[WhiteElo "1977"]
[BlackElo "2440"]
[PlyCount "58"]
[EventDate "2024.09.11"]
[WhiteTeam "Guernsey"]
[BlackTeam "Madagascar"]
[BlackTeamCountry "MAD"]

1. e4 c5 2. Nf3 e6 3. b3 Nc6 4. Bb2 a6 5. c4 Qc7 6. Na3 ({RR} 6. g3 Nf6 7. e5 Ng4 8. Qe2 Nh6 9. Na3 Be7 10. Nc2 O-O 11. Bg2 b5 12. O-O bxc4 13. Qxc4 a5 14. Rfe1 Ba6 15. Qc3 Nb4 16. Nxb4 axb4 17. Qc2 Bb7 18. d3 Ra6 19. a4 bxa3 20. Rxa3 Rb6 {½-½ Romanov,E (2625)-Svidler,P (2744) RUS-chT 19th 2012 (2)}) 6... Nf6 7. Bd3 $146 ({RR} 7. e5 Ng4 8. Qe2 b6 9. h3 Nh6 10. g4 Bb7 11. Rg1 Be7 12. Nc2 O-O 13. O-O-O b5 14. d3 bxc4 15. dxc4 a5 16. a4 Qb6 17. Qe3 f5 18. exf6 Bxf6 19. Bxf6 Rxf6 20. Rxd7 Raf8 21. g5 R6f7 {1-0 Macias Sanchez,H (1961)-Lu,M (2171) 3rd Merida World Heritage 2023 (7.13)}) 7... Bd6 8. O-O Ne5 9. Nxe5 Bxe5 10. Bxe5 Qxe5 11. Qe2 g5 12. g3 Rg8 13. Kh1 g4 14. Nc2 b5 15. f4 gxf3 16. Qxf3 Rg6 17. Ne3 Kd8 18. Nd5 exd5 19. exd5 Rh6 20. Rae1 Qd6 21. Qe3 Rxh2+ 22. Kg1 Rh5 23. Qf3 Kc7 24. Re2 Rg5 25. Re3 Ng4 26. Re4 h5 27. Rf4 Bb7 28. Bf5 Ne5 29. Qf2 Rag8 0-1

[Event "45th Olympiad 2024"]
[Site "Budapest HUN"]
[Date "2024.09.12"]
[Round "2.52"]
[Board "2"]
[White "Razanadrakotoarisoa, Toavina"]
[Black "Rowe, Peter"]
[Result "1-0"]
[WhiteElo "2147"]
[BlackElo "1973"]
[PlyCount "65"]
[EventDate "2024.09.11"]
[WhiteTeam "Madagascar"]
[BlackTeam "Guernsey"]
[WhiteTeamCountry "MAD"]

1. e4 d6 2. d4 Nf6 3. Nc3 e5 4. Nge2 Be7 5. h3 Nbd7 6. g3 ({RR} 6. g4 O-O 7. Bg2 c6 8. O-O b5 9. a3 a5 10. Be3 Ba6 11. Qd2 Nb6 12. b3 b4 13. axb4 axb4 14. Na4 Nxa4 15. Rxa4 c5 16. Rfa1 Qc8 17. d5 Qb7 18. Ng3 g6 19. g5 Nd7 20. h4 Bb5 {0-1 Cuellar Montes,A (2190)-Elissalt Cardenas,H (2335) Titled Tue 10th Sep Early 2024 (7)}) 6... c6 7. a4 a5 8. Bg2 h6 $146 ({RR} 8... O-O 9. O-O exd4 10. Nxd4 Nc5 11. g4 Re8 12. g5 Nfd7 13. f4 Nb6 14. h4 Bf8 15. b3 d5 16. exd5 Nxd5 17. Nxd5 cxd5 18. Bb2 Ne4 19. Qd3 Qd7 20. Qb5 Bc5 21. Qxd7 Bxd7 22. Rfe1 Rac8 23. c4 {1-0 Jakubiec,E (2212)-Barbier,W (1983) BEL-chT 1415 2014 (10.7)}) 9. O-O O-O 10. g4 Rb8 11. d5 Nc5 12. Ng3 Bd7 13. Be3 cxd5 14. exd5 b6 15. f4 exf4 16. Bxf4 g5 17. Be3 Nh7 18. Bd4 f6 19. Qf3 Rf7 20. Nce4 Qf8 21. Nf5 Bxf5 22. Qxf5 Rd8 23. Ng3 Nd7 24. Qg6+ Qg7 25. Qh5 Ne5 26. Nf5 Qg6 27. Qxg6+ Nxg6 28. Nxh6+ Kg7 29. Nxf7 Kxf7 30. Bxb6 Rb8 31. Bxa5 Rxb2 32. Be4 Nhf8 33. Rfb1 1-0